[Event "CAMPEONATO DE ESPAÑA ABSOLUTO"]
[Site "EL SAUZAL - TENERIFE - ISLAS CANARIAS"]
[Date "2010.09.07"]
[Round "4"]
[Board "32"]
[White "Meneses Gonzalez, Kevin Moises"]
[Black "Arnedo Ruiz, Alberto"]
[Result "1/2-1/2"]
[WhiteElo "2195"]
[BlackElo "1961"]
[PlyCount "73"]
[EventDate "2010.09.04"]
[EventRounds "9"]
[EventCountry "ESP"]

1.e4 c5 2.Nf3 Nc6 3.d4 cxd4 4.Nxd4 g6 5.c4 Bg7 6.Nc2 d6 7.Be2 f5 8.exf5 Bxf5
9.O-O Nf6 10.Nc3 O-O 11.Be3 b6 12.Rc1 Rc8 13.Nd4 Nxd4 14.Bxd4 e5 15.Be3 Be6
16.Nb5 d5 17.Nxa7 Ra8 18.Nc6 Qd6 19.cxd5 Bxd5 20.a3 Qe6 21.Nb4 Bb3 22.Qxb3 Qxb3
23.Bc4+ Qxc4 24.Rxc4 Rab8 25.Nc6 Rb7 26.Rd1 Nd7 27.Rb4 Rf6 28.Na5 Rc7 29.Nc4 Bf8
30.Bxb6 Rxc4 31.Rxc4 Nxb6 32.Rc7 e4 33.Rdc1 Nd5 34.Rd7 Nf4 35.Re1 Nd3 36.Rxe4
Nc5 37.Rdd4 1/2-1/2

[Event "CAMPEONATO DE ESPAÑA ABSOLUTO"]
[Site "EL SAUZAL - TENERIFE - ISLAS CANARIAS"]
[Date "2010.09.07"]
[Round "4"]
[Board "33"]
[White "Acosta Sosa, Juan Manuel"]
[Black "Perez Felipe, Marcos Adrian"]
[Result "0-1"]
[WhiteElo "2007"]
[BlackElo "2308"]
[PlyCount "74"]
[EventDate "2010.09.04"]
[EventRounds "9"]
[EventCountry "ESP"]

1.c4 Nf6 2.Nc3 e5 3.Nf3 Nc6 4.g3 Bb4 5.Bg2 Bxc3 6.bxc3 e4 7.Ng5 d5 8.O-O h6
9.cxd5 Qxd5 10.Nh3 O-O 11.Nf4 Qa5 12.h4 Bg4 13.f3 exf3 14.Bxf3 Bxf3 15.exf3 Rad8
16.Qb3 b6 17.Ne6 Qe5 18.Nf4 Na5 19.Qc2 c5 20.Kf2 Rfe8 21.Bb2 Nc4 22.Rad1 Rxd2+
23.Rxd2 Qe3+ 24.Kg2 Qxd2+ 25.Qxd2 Nxd2 26.Rd1 Nc4 27.Bc1 g5 28.hxg5 hxg5 29.Nd5
Nxd5 30.Rxd5 Re2+ 31.Kh3 f6 32.Kg4 Rc2 33.Rd1 Rxc3 34.f4 gxf4 35.Bxf4 Ne3+
36.Bxe3 Rxe3 37.Rd8+ Kf7 0-1

[Event "CAMPEONATO DE ESPAÑA ABSOLUTO"]
[Site "EL SAUZAL - TENERIFE - ISLAS CANARIAS"]
[Date "2010.09.07"]
[Round "4"]
[Board "34"]
[White "Hernandez Leon, Alberto"]
[Black "Orti Boix, Miquel Lluis"]
[Result "1-0"]
[WhiteElo "2287"]
[BlackElo "1889"]
[PlyCount "77"]
[EventDate "2010.09.04"]
[EventRounds "9"]
[EventCountry "ESP"]

1.d4 Nf6 2.c4 g6 3.Nc3 d5 4.Nf3 Bg7 5.Bg5 Ne4 6.Bh4 Nxc3 7.bxc3 O-O 8.e3 c5
9.cxd5 cxd4 10.cxd4 Qxd5 11.Bxe7 Re8 12.Bh4 Nc6 13.Be2 Qa5+ 14.Qd2 Qxd2+ 15.Kxd2
Bf5 16.Rhc1 h6 17.Bd3 Bxd3 18.Kxd3 g5 19.Bg3 f5 20.Bd6 Rad8 21.Ba3 Kf7 22.Rab1
Rd7 23.h4 g4 24.Nd2 h5 25.g3 Bh6 26.Rb5 Kg6 27.Rc3 Bg7 28.Nb3 Ne5+ 29.Kc2 Nf7
30.Na5 Bxd4 31.exd4 Re2+ 32.Kb1 Rxf2 33.Nxb7 Rxd4 34.Rc6+ Kh7 35.Rf6 Kg7
36.Rbxf5 Rd1+ 37.Bc1 Rxf5 38.Rxf5 Kg6 39.Ra5 1-0

[Event "CAMPEONATO DE ESPAÑA ABSOLUTO"]
[Site "EL SAUZAL - TENERIFE - ISLAS CANARIAS"]
[Date "2010.09.07"]
[Round "4"]
[Board "36"]
[White "Lopez Pereyra, Antonio"]
[Black "Darias Darias, Luis"]
[Result "1-0"]
[WhiteElo "2079"]
[BlackElo "1877"]
[PlyCount "43"]
[EventDate "2010.09.04"]
[EventRounds "9"]
[EventCountry "ESP"]

1.e4 b6 2.d4 Bb7 3.Nc3 e6 4.a3 d6 5.Bd3 Nd7 6.Nf3 Be7 7.Qe2 a6 8.O-O e5 9.Rd1
Bf6 10.Bc4 Ne7 11.dxe5 Nxe5 12.Nxe5 Bxe5 13.f4 Bxc3 14.bxc3 O-O 15.Rd3 d5
16.exd5 Nxd5 17.Bxd5 Bxd5 18.Qe5 c6 19.c4 Re8 20.Qc3 Qh4 21.Bb2 Qg4 22.Rg3 1-0

[Event "CAMPEONATO DE ESPAÑA ABSOLUTO"]
[Site "EL SAUZAL - TENERIFE - ISLAS CANARIAS"]
[Date "2010.09.07"]
[Round "4"]
[Board "37"]
[White "Garcia Rodriguez, Sara"]
[Black "Rodriguez Ferraz, Borja"]
[Result "1-0"]
[WhiteElo "1869"]
[BlackElo "2079"]
[PlyCount "123"]
[EventDate "2010.09.04"]
[EventRounds "9"]
[EventCountry "ESP"]

1.e4 e5 2.Nf3 Nc6 3.Bc4 Nf6 4.d3 Bc5 5.c3 d6 6.Nbd2 a6 7.Bb3 Ba7 8.O-O O-O 9.Bc2
Be6 10.h3 Ne7 11.Ng5 Bd7 12.Nb3 Ng6 13.d4 Qe7 14.Re1 Rfe8 15.Nf3 h6 16.Nbd2 Bc6
17.a4 Rad8 18.Qe2 Nf4 19.Qf1 N6h5 20.Nc4 b5 21.Ne3 Bb6 22.Nf5 Qf8 23.Be3 g6
24.N5h4 Bd7 25.Nh2 Qg7 26.N4f3 Kh8 27.a5 Ba7 28.dxe5 Be6 29.b3 Bxe3 30.fxe3 Ng3
31.Qf2 Nfh5 32.exd6 Rxd6 33.e5 Rd7 34.Nf1 Nxf1 35.Rxf1 Qg8 36.Qh4 Qh7 37.g4 Ng7
38.Qf6 Kg8 39.Be4 Bxb3 40.Qxa6 Bc4 41.Rf2 Rdd8 42.Qc6 Bd3 43.Bxd3 Rxd3 44.a6
Rdd8 45.a7 Ra8 46.Qxc7 Ne6 47.Qb6 g5 48.Qxb5 Qe4 49.Qb6 Rec8 50.Ra3 Kg7 51.Nd4
Nxd4 52.Qf6+ Kg8 53.Qxf7+ Kh8 54.Qf6+ Kg8 55.exd4 Qe1+ 56.Kg2 Rc7 57.Qxh6 Qe4+
58.Kh2 Qe3 59.Qg6+ Rg7 60.Qf6 Rh7 61.Qf3 Qc1 62.Qxa8+ 1-0

[Event "CAMPEONATO DE ESPAÑA ABSOLUTO"]
[Site "EL SAUZAL - TENERIFE - ISLAS CANARIAS"]
[Date "2010.09.07"]
[Round "4"]
[Board "39"]
[White "Martin Hernandez, Ruben"]
[Black "Marrero Lopez, Agustin"]
[Result "1-0"]
[WhiteElo "2037"]
[BlackElo "1859"]
[PlyCount "61"]
[EventDate "2010.09.04"]
[EventRounds "9"]
[EventCountry "ESP"]

1.c4 Nf6 2.Nf3 e6 3.g3 g6 4.Bg2 Bg7 5.O-O O-O 6.d4 d5 7.Nc3 c6 8.b3 Nbd7 9.Bb2
Re8 10.Re1 a6 11.e4 dxc4 12.bxc4 b5 13.e5 Nh5 14.Ne4 Bf8 15.Nfd2 Bb7 16.Qf3 Be7
17.Rad1 b4 18.g4 Ng7 19.Nd6 Bxd6 20.exd6 Rb8 21.Qd3 Rf8 22.Ne4 f6 23.g5 f5
24.Nc5 Nxc5 25.dxc5 Qxg5 26.Qd4 Rf7 27.Rxe6 Rd7 28.Re5 Rf8 29.Rde1 Qf6 30.Qd2
Qf7 31.Re7 1-0

[Event "CAMPEONATO DE ESPAÑA ABSOLUTO"]
[Site "EL SAUZAL - TENERIFE - ISLAS CANARIAS"]
[Date "2010.09.07"]
[Round "4"]
[Board "40"]
[White "Perez Castellano, Susana"]
[Black "Ponce Valero, Juan Antonio"]
[Result "0-1"]
[WhiteElo "1799"]
[BlackElo "2020"]
[PlyCount "106"]
[EventDate "2010.09.04"]
[EventRounds "9"]
[EventCountry "ESP"]

1.e4 c5 2.Nf3 Nf6 3.Nc3 Nc6 4.d4 d5 5.exd5 Nxd5 6.Bb5 Nxc3 7.bxc3 cxd4 8.Nxd4
Bd7 9.O-O e6 10.Re1 Be7 11.Qh5 Nxd4 12.cxd4 Bxb5 13.Qxb5+ Qd7 14.Rb1 b6 15.d5
Qxb5 16.Rxb5 O-O 17.Bf4 Rac8 18.Re2 Rfd8 19.h3 Rc4 20.Bg3 Kf8 21.dxe6 fxe6
22.Rb3 Bc5 23.Rf3+ Ke7 24.Bf4 h6 25.Be5 Rd1+ 26.Kh2 Bd6 27.Bxd6+ Rxd6 28.Ra3 a5
29.Rg3 g5 30.Rge3 Rdc6 31.Rb3 a4 32.Ra3 b5 33.Re5 R6c5 34.Rae3 Rxc2 35.Rxe6+ Kd7
36.a3 Rxf2 37.Rxh6 Rff5 38.Rhe6 Rcd5 39.R6e4 Kd6 40.Rb4 Rfe5 41.Rf3 Rf5 42.Re3
Rf4 43.Rb2 Kc5 44.g3 Rfd4 45.Rc3+ Rc4 46.Rf3 b4 47.Rf8 b3 48.Rc8+ Kb5 49.Rb8+
Ka6 50.Re2 Rdc5 51.Re6+ Rc6 52.Ra8+ Kb7 53.Rxc6 Kxc6 0-1

[Event "CAMPEONATO DE ESPAÑA ABSOLUTO"]
[Site "EL SAUZAL - TENERIFE - ISLAS CANARIAS"]
[Date "2010.09.07"]
[Round "4"]
[Board "41"]
[White "Galvan Sarmiento, Jose Luis"]
[Black "Ramirez Medina, Victor"]
[Result "1-0"]
[WhiteElo "2008"]
[BlackElo "1816"]
[PlyCount "71"]
[EventDate "2010.09.04"]
[EventRounds "9"]
[EventCountry "ESP"]

1.d4 d5 2.Nf3 Nf6 3.c4 c6 4.Nc3 e6 5.Qc2 Nbd7 6.Bg5 Be7 7.e3 O-O 8.Bd3 h6 9.Bh4
b6 10.O-O Bb7 11.cxd5 exd5 12.a3 c5 13.Rfc1 Rc8 14.Bf5 Ra8 15.h3 Re8 16.Bg3 Bf8
17.Nb5 cxd4 18.Nfxd4 Rc8 19.Bc7 Qe7 20.Nxa7 Ra8 21.Nac6 Bxc6 22.Nxc6 Qc5 23.Qb3
Rac8 24.Rxc5 Bxc5 25.Bxb6 Bxb6 26.Bxd7 Nxd7 27.Qxd5 Nf6 28.Qb5 Bc7 29.a4 Ne4
30.a5 Nd6 31.Qd5 Re4 32.a6 Ree8 33.a7 Ra8 34.b4 Kf8 35.b5 Rec8 36.b6 1-0

[Event "CAMPEONATO DE ESPAÑA ABSOLUTO"]
[Site "EL SAUZAL - TENERIFE - ISLAS CANARIAS"]
[Date "2010.09.07"]
[Round "4"]
[Board "42"]
[White "De La Rubia Ramirez, Dulce N"]
[Black "Alonso Contreras, Mario Elias"]
[Result "0-1"]
[WhiteElo "1774"]
[BlackElo "1980"]
[PlyCount "108"]
[EventDate "2010.09.04"]
[EventRounds "9"]
[EventCountry "ESP"]

1.e4 c5 2.Nc3 Nc6 3.g3 g6 4.Bg2 Bg7 5.f4 e6 6.Nf3 Nge7 7.O-O O-O 8.d3 d6 9.Be3
Rb8 10.d4 b6 11.e5 Nf5 12.Bf2 Ncxd4 13.Nxd4 Nxd4 14.exd6 Qxd6 15.Ne4 Qc7 16.c3
Nf5 17.Qc2 Bb7 18.Rad1 Rbd8 19.g4 Ne7 20.Bg3 Bxe4 21.Qxe4 Qc8 22.f5 gxf5 23.gxf5
Nxf5 24.Bf4 Rxd1 25.Rxd1 Rd8 26.Re1 Rd7 27.Bf1 Qd8 28.Bh3 Rd1 29.Bxf5 exf5
30.Qe2 Rxe1+ 31.Qxe1 Bf6 32.Qg3+ Kh8 33.Qf3 Qg8+ 34.Kf1 Qg4 35.Qa8+ Kg7 36.Qg2
Qxg2+ 37.Kxg2 Be7 38.c4 Kf6 39.Kf3 Ke6 40.a4 Bd6 41.b3 Bxf4 42.Kxf4 Kf6 43.h3 h6
44.h4 h5 45.Kf3 Ke5 46.Ke3 f4+ 47.Kd3 Kf5 48.Ke2 Kg4 49.a5 bxa5 50.Kf2 Kxh4
51.Kf3 Kg5 52.Kg2 h4 53.Kf3 h3 54.Kf2 Kg4 0-1

[Event "CAMPEONATO DE ESPAÑA ABSOLUTO"]
[Site "EL SAUZAL - TENERIFE - ISLAS CANARIAS"]
[Date "2010.09.07"]
[Round "4"]
[Board "44"]
[White "Capote Robayna, Nathaniel"]
[Black "Capote Robayna, Johanna"]
[Result "1/2-1/2"]
[WhiteElo "1960"]
[BlackElo "1740"]
[PlyCount "20"]
[EventDate "2010.09.04"]
[EventRounds "9"]
[EventCountry "ESP"]

1.e4 c5 2.d4 cxd4 3.Qxd4 Nc6 4.Qd1 g6 5.Nf3 Bg7 6.Bb5 d6 7.Bxc6+ bxc6 8.O-O Nf6
9.Nc3 O-O 10.Be3 Bd7 1/2-1/2

[Event "CAMPEONATO DE ESPAÑA ABSOLUTO"]
[Site "EL SAUZAL - TENERIFE - ISLAS CANARIAS"]
[Date "2010.09.07"]
[Round "4"]
[Board "45"]
[White "Medina Sanchez, Gines"]
[Black "Rodriguez Jorge, David"]
[Result "1-0"]
[WhiteElo "1724"]
[BlackElo "1940"]
[PlyCount "79"]
[EventDate "2010.09.04"]
[EventRounds "9"]
[EventCountry "ESP"]

1.Nf3 Nf6 2.b3 d6 3.Bb2 Nc6 4.e3 e5 5.Be2 Be7 6.O-O Be6 7.d3 Qd7 8.Nbd2 h6 9.a4
Nh7 10.Nc4 f6 11.e4 g5 12.d4 Bf7 13.dxe5 fxe5 14.Ne3 Be6 15.Nd2 O-O-O 16.Nf5 h5
17.Ng7 Bf7 18.Nxh5 Nf6 19.Nxf6 Bxf6 20.Bg4 Be6 21.h3 Kb8 22.Nc4 Rh4 23.Ne3 Ne7
24.f3 Ng6 25.Nf5 Rh7 26.Kf2 Nf4 27.Rh1 Qc6 28.Qd2 Qc5+ 29.Ne3 Bxg4 30.fxg4 d5
31.b4 Qb6 32.a5 Qb5 33.exd5 Nxd5 34.Rad1 Qxb4 35.Qxb4 Nxb4 36.Rxd8+ Bxd8 37.Bxe5
Nc6 38.Bc3 Rf7+ 39.Ke2 Bf6 40.Rf1 1-0

[Event "CAMPEONATO DE ESPAÑA ABSOLUTO"]
[Site "EL SAUZAL - TENERIFE - ISLAS CANARIAS"]
[Date "2010.09.07"]
[Round "4"]
[Board "46"]
[White "Javaloy Guerrero, Manuel A"]
[Black "Perez Martin, Nicanor"]
[Result "1-0"]
[WhiteElo "1934"]
[BlackElo "1576"]
[PlyCount "47"]
[EventDate "2010.09.04"]
[EventRounds "9"]
[EventCountry "ESP"]

1.e4 c5 2.Nf3 d6 3.d4 cxd4 4.Nxd4 Nf6 5.Nc3 a6 6.h3 g6 7.Be3 Nc6 8.Qd2 Nxd4
9.Bxd4 Bg7 10.f3 Qc7 11.Nd5 Qd8 12.Bb6 Qd7 13.Nc7+ Kf8 14.Nxa8 Nh5 15.Bd4 e5
16.Bf2 b5 17.Nb6 Qc7 18.Nxc8 Qxc8 19.Qxd6+ Kg8 20.O-O-O Bh6+ 21.Kb1 Bf4 22.Qd8+
Qxd8 23.Rxd8+ Kg7 24.Rxh8 1-0

[Event "CAMPEONATO DE ESPAÑA ABSOLUTO"]
[Site "EL SAUZAL - TENERIFE - ISLAS CANARIAS"]
[Date "2010.09.07"]
[Round "4"]
[Board "47"]
[White "Rodriguez Govea, Elizabeth"]
[Black "Fernandez Molina, Victor Manuel"]
[Result "1/2-1/2"]
[WhiteElo "1479"]
[BlackElo "1913"]
[PlyCount "87"]
[EventDate "2010.09.04"]
[EventRounds "9"]
[EventCountry "ESP"]

1.e4 c5 2.Nf3 Nc6 3.d3 e6 4.g3 Nf6 5.Bg2 Be7 6.O-O O-O 7.Re1 d6 8.Qe2 Rb8 9.Nbd2
b6 10.h4 Nd4 11.Nxd4 cxd4 12.c3 dxc3 13.bxc3 Bb7 14.Bb2 Nd7 15.Rac1 Nc5 16.d4
Ba6 17.c4 Nd7 18.Qe3 b5 19.Qa3 Qb6 20.cxb5 Qxb5 21.Bc3 Bb7 22.Qb4 Bc6 23.Qxb5
Bxb5 24.Bb4 Rfe8 25.a3 e5 26.d5 Nb6 27.Bf1 Bxf1 28.Kxf1 Rec8 29.Nb3 Nc4 30.Re2
a5 31.Nxa5 Ne3+ 32.Rxe3 Rxc1+ 33.Kg2 Rb6 34.Nc6 Kf8 35.Re2 Ke8 36.Ra2 Kd7 37.a4
Rcxc6 38.dxc6+ Kxc6 39.Bd2 Ra6 40.Rc2+ Kd7 41.Ra2 Bd8 42.Kf3 Bb6 43.Ke2 Kc6
44.Rc2+ 1/2-1/2

[Event "CAMPEONATO DE ESPAÑA ABSOLUTO"]
[Site "EL SAUZAL - TENERIFE - ISLAS CANARIAS"]
[Date "2010.09.07"]
[Round "4"]
[Board "49"]
[White "Abreu Suarez, Isauro"]
[Black "Ruiz Delgado, Basilio"]
[Result "1-0"]
[WhiteElo "2068"]
[BlackElo "1735"]
[PlyCount "116"]
[EventDate "2010.09.04"]
[EventRounds "9"]
[EventCountry "ESP"]

1.e4 c6 2.d4 d5 3.Nc3 dxe4 4.Nxe4 Nd7 5.Bc4 Ngf6 6.Ng5 e6 7.Qe2 Nb6 8.Bd3 h6
9.N5f3 c5 10.Be3 Qc7 11.Ne5 cxd4 12.Bxd4 Bc5 13.Ngf3 Bxd4 14.Nxd4 O-O 15.c4 Nbd7
16.Ndf3 Nxe5 17.Qxe5 Qxe5+ 18.Nxe5 b6 19.Rd1 Bb7 20.O-O Rfd8 21.f3 Kf8 22.Bc2
Ke7 23.Ba4 Rac8 24.Kf2 Ne8 25.Rxd8 Rxd8 26.Rd1 Rxd1 27.Bxd1 Nd6 28.b3 f6 29.Nd3
Ba6 30.g4 e5 31.Ke3 Ke6 32.f4 exf4+ 33.Nxf4+ Ke5 34.Nd3+ Ke6 35.Bf3 f5 36.h3 g5
37.Kd4 Bb7 38.Bxb7 Nxb7 39.b4 f4 40.c5 bxc5+ 41.bxc5 Na5 42.Ne5 Nb7 43.c6 Nd6
44.a4 Nc8 45.c7 Nd6 46.Nc4 Nc8 47.Ke4 Kd7 48.Kf5 Ne7+ 49.Kf6 Nd5+ 50.Kg6 Nc3
51.Kxh6 Ne4 52.Kg6 f3 53.Ne5+ Kxc7 54.Nxf3 Kb6 55.Nxg5 Ng3 56.h4 Ka5 57.h5 Nxh5
58.gxh5 Kxa4 1-0

[Event "CAMPEONATO DE ESPAÑA ABSOLUTO"]
[Site "EL SAUZAL - TENERIFE - ISLAS CANARIAS"]
[Date "2010.09.07"]
[Round "4"]
[Board "51"]
[White "Marrero Cardenes, Agustin"]
[Black "Granja Fuentes, Jorge"]
[Result "1/2-1/2"]
[WhiteElo "1787"]
[BlackElo "1826"]
[PlyCount "71"]
[EventDate "2010.09.04"]
[EventRounds "9"]
[EventCountry "ESP"]

1.d4 Nf6 2.c4 c5 3.Nf3 cxd4 4.Nxd4 g6 5.Nc3 Bg7 6.e4 d6 7.Be2 O-O 8.O-O Nc6
9.Be3 a6 10.Kh1 Nxd4 11.Bxd4 e5 12.Be3 Be6 13.f3 Rc8 14.Nd5 Bxd5 15.cxd5 Nd7
16.Qb3 Qc7 17.Rac1 Qb8 18.Rxc8 Rxc8 19.Rc1 Rxc1+ 20.Bxc1 Qc7 21.Qc4 Qa5 22.b4
Qb6 23.h3 h5 24.a4 Qf2 25.a5 Qe1+ 26.Kh2 h4 27.Be3 Qg3+ 28.Kh1 Qe1+ 29.Bg1 Bh6
30.Bf1 Nf6 31.Bb6 Nh5 32.Kg1 Be3+ 33.Bxe3 Qxe3+ 34.Kh2 Qf4+ 35.Kg1 Qe3+ 36.Kh2 1/2-1/2

[Event "CAMPEONATO DE ESPAÑA ABSOLUTO"]
[Site "EL SAUZAL - TENERIFE - ISLAS CANARIAS"]
[Date "2010.09.07"]
[Round "4"]
[Board "56"]
[White "Rodriguez Govea, Alejandro Jose"]
[Black "Garcia Lorenzo, Jaime"]
[Result "1-0"]
[WhiteElo "1504"]
[BlackElo "1319"]
[PlyCount "103"]
[EventDate "2010.09.04"]
[EventRounds "9"]
[EventCountry "ESP"]

1.e4 c5 2.d3 Nc6 3.Nf3 Nf6 4.Nbd2 e6 5.g3 Be7 6.Bg2 O-O 7.O-O d5 8.c3 Re8 9.Re1
e5 10.exd5 Nxd5 11.Nxe5 Nxe5 12.Rxe5 Nf6 13.Qe2 Rb8 14.Nf3 Be6 15.Ng5 Bd5 16.Nf3
Bd6 17.Re3 Bc6 18.Bd2 a6 19.Re1 b5 20.d4 Ne4 21.Bc1 c4 22.Nd2 Nxc3 23.Rxe8+ Bxe8
24.bxc3 h6 25.Ne4 Be7 26.Bf4 Rb6 27.Nf6+ Kf8 28.Qxe7+ Qxe7 29.Nh7+ Kg8 30.Rxe7
Re6 31.Rxe6 fxe6 32.Ng5 hxg5 33.Bxg5 a5 34.Be7 Kf7 35.Bc5 Kf6 36.Kf1 g5 37.Ke2
Bg6 38.a3 Bd3+ 39.Ke3 Kf5 40.h3 Kg6 41.Be4+ Bxe4 42.Kxe4 Kh5 43.Ke5 g4 44.hxg4+
Kxg4 45.Kxe6 Kf3 46.d5 Ke2 47.d6 Kd3 48.d7 Kxc3 49.d8=Q b4 50.axb4 axb4 51.Qd4+
Kb3 52.Qd1+ 1-0

[Event "CAMPEONATO DE ESPAÑA ABSOLUTO"]
[Site "EL SAUZAL - TENERIFE - ISLAS CANARIAS"]
[Date "2010.09.07"]
[Round "4"]
[Board "57"]
[White "Gonzalez Garcia, Zoilo"]
[Black "Dos-Reis Cabrera, Jose Manuel"]
[Result "1-0"]
[WhiteElo "1572"]
[BlackElo "1360"]
[PlyCount "81"]
[EventDate "2010.09.04"]
[EventRounds "9"]
[EventCountry "ESP"]

1.e4 e5 2.Nf3 Nc6 3.d4 d5 4.dxe5 dxe4 5.Qxd8+ Nxd8 6.Nfd2 Bf5 7.Nc3 Nc6 8.Bb5
Bc5 9.Ncxe4 Bxe4 10.Nxe4 Bb6 11.Bxc6+ bxc6 12.O-O Ne7 13.Kh1 O-O 14.c4 Bd4 15.f4
Ng6 16.Rb1 Rfd8 17.Rd1 Rd7 18.Nc5 Rdd8 19.Nb7 Rd7 20.Be3 Rb8 21.Na5 Ne7 22.Rxd4
Rxd4 23.Bxd4 a6 24.Rd1 h6 25.b3 Rd8 26.Nb7 Rb8 27.Nc5 Rd8 28.g4 Ng6 29.e6 fxe6
30.Nxe6 Rd7 31.Nxg7 Nxf4 32.Nf5 c5 33.Nxh6+ Kh7 34.Nf5 Ne2 35.Re1 cxd4 36.Rxe2
d3 37.Rd2 Kg6 38.Kg2 Kf6 39.Kf3 Ke6 40.Ke3 Kf6 41.h4 1-0

[Event "CAMPEONATO DE ESPAÑA ABSOLUTO"]
[Site "EL SAUZAL - TENERIFE - ISLAS CANARIAS"]
[Date "2010.09.08"]
[Round "5"]
[Board "2"]
[White "Magem Badals, Jordi"]
[Black "Herraiz Hidalgo, Herminio"]
[Result "1/2-1/2"]
[WhiteElo "2589"]
[BlackElo "2480"]
[PlyCount "122"]
[EventDate "2010.09.04"]
[EventRounds "9"]
[EventCountry "ESP"]

1.e4 c5 2.Nf3 g6 3.d4 cxd4 4.Nxd4 Bg7 5.Nc3 Nc6 6.Be3 Nf6 7.Bc4 O-O 8.Bb3 a5
9.O-O a4 10.Nxa4 Nxe4 11.Nb5 d5 12.f3 d4 13.Nxd4 Nxd4 14.fxe4 b5 15.Nc5 Nxb3
16.axb3 Rxa1 17.Qxa1 Be5 18.b4 Qc7 19.h3 Bb7 20.c3 Ra8 21.Qe1 Bc6 22.Qf2 f6
23.Qc2 Be8 24.Nd3 Bf7 25.Nxe5 Qxe5 26.Bd4 Qg3 27.Bc5 Bc4 28.Rd1 Kf7 29.Qd2 Be6
30.Qh6 Rh8 31.Bxe7 Bxh3 32.Qxh3 Qxh3 33.gxh3 Kxe7 34.Rd5 Ra8 35.Rxb5 Ra2 36.Kf2
Rxb2+ 37.Ke3 h5 38.Kd4 Rd2+ 39.Kc5 Rd3 40.c4 Rxh3 41.Rb7+ Ke6 42.b5 g5 43.b6 g4
44.Rh7 Rh1 45.Kc6 g3 46.b7 Rb1 47.Rg7 h4 48.c5 Ke5 49.Kc7 Kxe4 50.c6 Kd5 51.Rd7+
Kc5 52.Rh7 f5 53.Rh5 g2 54.Rxf5+ Kd4 55.Rg5 h3 56.b8=Q Rxb8 57.Kxb8 h2 58.c7
g1=Q 59.Rxg1 hxg1=Q 60.c8=Q Qg3+ 61.Qc7 Qxc7+ 1/2-1/2

[Event "CAMPEONATO DE ESPAÑA ABSOLUTO"]
[Site "EL SAUZAL - TENERIFE - ISLAS CANARIAS"]
[Date "2010.09.08"]
[Round "5"]
[Board "4"]
[White "Pena Gomez, Manuel"]
[Black "Alsina Leal, Daniel"]
[Result "1/2-1/2"]
[WhiteElo "2419"]
[BlackElo "2523"]
[PlyCount "59"]
[EventDate "2010.09.04"]
[EventRounds "9"]
[EventCountry "ESP"]

1.g3 e5 2.Bg2 d5 3.c4 Nf6 4.cxd5 Nxd5 5.Nf3 Nc6 6.O-O Nb6 7.b3 Be7 8.Bb2 f6 9.d4
exd4 10.Nxd4 Nxd4 11.Bxd4 O-O 12.Nc3 c6 13.a4 a5 14.Be3 Be6 15.Qc2 Nd7 16.Rfd1
Qe8 17.Ne4 Qg6 18.Rac1 Ba3 19.Ra1 Be7 20.Rac1 Ba3 21.Ra1 Bb4 22.Bd2 Be7 23.Bf4
Nb6 24.Bd6 Bxd6 25.Rxd6 Rfe8 26.Rd2 Bd5 27.Nc5 Qxc2 28.Rxc2 Bxg2 29.Kxg2 Re7
30.e4 1/2-1/2

[Event "CAMPEONATO DE ESPAÑA ABSOLUTO"]
[Site "EL SAUZAL - TENERIFE - ISLAS CANARIAS"]
[Date "2010.09.08"]
[Round "5"]
[Board "5"]
[White "Salgado Lopez, Ivan"]
[Black "Vega Gutierrez, Sabrina"]
[Result "1-0"]
[WhiteElo "2595"]
[BlackElo "2368"]
[PlyCount "67"]
[EventDate "2010.09.04"]
[EventRounds "9"]
[EventCountry "ESP"]

1.d4 d5 2.Nf3 Nf6 3.c4 dxc4 4.e3 Nc6 5.Bxc4 g6 6.O-O Bg7 7.Nc3 O-O 8.a3 Bf5
9.Qe2 Ne4 10.Rd1 Na5 11.Ba2 Nxc3 12.bxc3 c5 13.e4 Bd7 14.Be3 Ba4 15.Rdc1 cxd4
16.cxd4 Rc8 17.Rxc8 Qxc8 18.Rc1 Qb8 19.Qe1 Qd8 20.h4 b6 21.Qb4 Bc6 22.d5 Bb7
23.Bf4 Re8 24.Rc7 e5 25.dxe6 fxe6 26.h5 gxh5 27.Qb5 Re7 28.Rxe7 Qxe7 29.Ng5 Bc8
30.Qf5 Qf6 31.Qxh7+ Kf8 32.Bd6+ Ke8 33.Qxh5+ Kd7 34.e5 1-0

[Event "CAMPEONATO DE ESPAÑA ABSOLUTO"]
[Site "EL SAUZAL - TENERIFE - ISLAS CANARIAS"]
[Date "2010.09.08"]
[Round "5"]
[Board "6"]
[White "Sanchez Aller, Fernando"]
[Black "Illescas Cordoba, Miguel"]
[Result "1/2-1/2"]
[WhiteElo "2323"]
[BlackElo "2591"]
[PlyCount "89"]
[EventDate "2010.09.04"]
[EventRounds "9"]
[EventCountry "ESP"]

1.e4 g6 2.Nc3 Bg7 3.d4 d6 4.Nf3 a6 5.h4 Bg4 6.Be3 Nc6 7.d5 Nb8 8.Be2 c5 9.a4
Bxf3 10.Bxf3 h5 11.a5 Nd7 12.Be2 Qc7 13.Qd2 Ngf6 14.f3 Rb8 15.Ra2 Ne5 16.O-O O-O
17.Na4 e6 18.c4 exd5 19.cxd5 Nh7 20.b4 cxb4 21.Qxb4 Qe7 22.Bf2 Bh6 23.Nb6 f5
24.exf5 Rxf5 25.Nc4 Nxc4 26.Bxc4 Rf4 27.Qb3 Rxh4 28.Re2 Qg5 29.Be3 Qe5 30.Bxh6
Qd4+ 31.Qe3 Qxe3+ 32.Rxe3 Rxc4 33.Re7 Nf6 34.Rfe1 Nxd5 35.Rg7+ Kh8 36.Re6 Rg8
37.Rxb7 Rc7 38.Rxc7 Nxc7 39.Rxd6 g5 40.Rc6 Kh7 41.f4 Rg6 42.Rxg6 Kxg6 43.Bxg5
Ne6 44.Kf2 Nxg5 45.fxg5 1/2-1/2

[Event "CAMPEONATO DE ESPAÑA ABSOLUTO"]
[Site "EL SAUZAL - TENERIFE - ISLAS CANARIAS"]
[Date "2010.09.08"]
[Round "5"]
[Board "7"]
[White "San Segundo Carrillo, Pablo"]
[Black "Villavicencio Martinez, Adalber"]
[Result "1-0"]
[WhiteElo "2511"]
[BlackElo "2317"]
[PlyCount "36"]
[EventDate "2010.09.04"]
[EventRounds "9"]
[EventCountry "ESP"]

1.d4 d5 2.Nf3 Nf6 3.c4 c6 4.Nc3 dxc4 5.a4 Bf5 6.Nh4 Be6 7.e4 g6 8.Nf3 Bg7 9.Ng5
Qc8 10.e5 Nd5 11.Bxc4 Nc7 12.Nxe6 Nxe6 13.Be3 Na6 14.O-O Nac7 15.f4 Qd7 16.d5
cxd5 17.Nxd5 a6 18.Qb3 Qd8 1-0

[Event "CAMPEONATO DE ESPAÑA ABSOLUTO"]
[Site "EL SAUZAL - TENERIFE - ISLAS CANARIAS"]
[Date "2010.09.08"]
[Round "5"]
[Board "10"]
[White "Fernandez Garcia, Jose Miguel"]
[Black "Arribas Lopez, Angel"]
[Result "1-0"]
[WhiteElo "2237"]
[BlackElo "2454"]
[PlyCount "89"]
[EventDate "2010.09.04"]
[EventRounds "9"]
[EventCountry "ESP"]

1.Nf3 e6 2.d4 Nf6 3.c4 c5 4.g3 cxd4 5.Nxd4 d5 6.Bg2 dxc4 7.Qa4+ Nbd7 8.O-O Be7
9.Rd1 O-O 10.Qxc4 Nd5 11.Nc3 N7b6 12.Qb3 Nxc3 13.bxc3 Qc7 14.Nb5 Qc4 15.Bf4 g5
16.Nc7 Qxb3 17.axb3 gxf4 18.Nxa8 Nxa8 19.Bxb7 Bxb7 20.Rxa7 Bd5 21.Rxe7 Bxb3
22.Rd4 f3 23.exf3 Bd5 24.Rg4+ Kh8 25.Rf4 Kg7 26.c4 Bc6 27.c5 h5 28.g4 h4 29.Kg2
Be8 30.Kh3 Rh8 31.Ra7 e5 32.Rf5 Bb5 33.Rfxf7+ Kg6 34.Rg7+ Kf6 35.Rh7 Rf8 36.Kxh4
Ke6 37.Rhe7+ Kd5 38.g5 Kxc5 39.Rxe5+ Kb6 40.Rae7 Rxf3 41.g6 Bc6 42.R7e6 Rf4+
43.Kg5 Rxf2 44.Re2 Rf1 45.Rc2 1-0

[Event "CAMPEONATO DE ESPAÑA ABSOLUTO"]
[Site "EL SAUZAL - TENERIFE - ISLAS CANARIAS"]
[Date "2010.09.08"]
[Round "5"]
[Board "11"]
[White "Todorcevic, Miodrag"]
[Black "Fernandez Losada, Daniel"]
[Result "1/2-1/2"]
[WhiteElo "2434"]
[BlackElo "2126"]
[PlyCount "138"]
[EventDate "2010.09.04"]
[EventRounds "9"]
[EventCountry "ESP"]

1.Nf3 c5 2.e4 e6 3.d3 Nc6 4.Nbd2 b6 5.g3 g6 6.Bg2 Bg7 7.O-O Nge7 8.c3 O-O 9.Re1
Bb7 10.a4 Qc7 11.h4 f5 12.exf5 Rxf5 13.Nc4 Raf8 14.Bg5 h6 15.Bxe7 Nxe7 16.Ncd2
Nc6 17.Rf1 Ne5 18.Nxe5 Bxg2 19.Kxg2 Bxe5 20.Qg4 Kh7 21.f4 Bg7 22.Nc4 h5 23.Qe2
a6 24.Ne3 R5f7 25.Kh3 d5 26.Ng2 Qd7 27.Kh2 e5 28.fxe5 Rxf1 29.Rxf1 Rxf1 30.Qxf1
Bxe5 31.Qf3 Bd6 32.Ne3 Qxa4 33.Qf7+ Kh6 34.Qf6 Qd7 35.Qg5+ Kg7 36.Qxd5 Qe7
37.Ng2 Qe5 38.Qb7+ Kh6 39.Qf3 b5 40.Ne3 Kg7 41.Kg2 b4 42.Nc4 Qe7 43.cxb4 cxb4
44.d4 Qc7 45.b3 a5 46.Qd3 a4 47.bxa4 Bxg3 48.d5 Bxh4 49.d6 Qc6+ 50.Kh2 Qc5
51.Qe2 Qg5 52.Qf3 Qc1 53.Ne5 Qd2+ 54.Kh3 Qxd6 55.Qf7+ Kh6 56.Qf4+ Kg7 57.Kxh4 b3
58.Qf7+ Kh6 59.Qf4+ Kg7 60.Qf7+ Kh6 61.Qe8 Qf6+ 62.Kg3 b2 63.Qb8 Qg5+ 64.Kf3
Qf5+ 65.Kg3 b1=Q 66.Qh8+ Kg5 67.Qd8+ Kh6 68.Qh8+ Kg5 69.Qd8+ Kh6 1/2-1/2

[Event "CAMPEONATO DE ESPAÑA ABSOLUTO"]
[Site "EL SAUZAL - TENERIFE - ISLAS CANARIAS"]
[Date "2010.09.08"]
[Round "5"]
[Board "12"]
[White "Morales Camacho, Julian"]
[Black "Argandona Riveiro, Inigo"]
[Result "0-1"]
[WhiteElo "2213"]
[BlackElo "2408"]
[PlyCount "81"]
[EventDate "2010.09.04"]
[EventRounds "9"]
[EventCountry "ESP"]

1.Nf3 c5 2.b3 d5 3.e3 Nf6 4.Bb2 g6 5.Bb5+ Bd7 6.Qe2 Bg7 7.O-O O-O 8.Bxd7 Qxd7
9.d3 Nc6 10.Nbd2 d4 11.e4 e5 12.Ne1 Nh5 13.g3 Qh3 14.Ndf3 h6 15.Kh1 Kh7 16.Ng2
Rae8 17.a3 a5 18.Rae1 b5 19.Bc1 a4 20.bxa4 bxa4 21.Ngh4 Qc8 22.Nd2 Nf6 23.Nc4
Qh3 24.f3 Rb8 25.Qg2 Qxg2+ 26.Kxg2 Nd7 27.f4 Nb6 28.Nb2 Rb7 29.Nf3 f6 30.Nd2 Na5
31.fxe5 fxe5 32.Rxf8 Bxf8 33.Rf1 Kg7 34.h4 Be7 35.h5 c4 36.Nbxc4 Nbxc4 37.dxc4
Rc7 38.hxg6 Kxg6 39.Rf5 Nxc4 40.Nf3 Bf6 41.Kh3 0-1